000 00872cab a22001935a 4500
001 L139290
008 070724e20070719xxk f 000 0 eng d
035 _a(Sirsi) u139290
041 0 _aeng
100 1 _aMenary, Steve
245 0 0 _aBalfour holds top spot
260 _c2007
490 0 _aConstruction News
_v(7027) 19 July 2007, 16-17(2)
520 _aMonthly league compiled by Emap Glenigan showing Davis Langdon heading the quantity surveying table for 12 months to June 2007, with total orders reaching £2 468.4m. Gardiner and Theobald were runners up, with Turner and Townsend in third place. Laing O'Rourke headed the contractor's league for June 2007, although Balfour Beatty remained at the top for the 12 months to June.
590 _aKA
651 4 _aUnited Kingdom
_y
690 _aBUILT ENVIRONMENT-QUANTITY SURVEYING-QUANTITY SURVEYORS
942 _n0
999 _c79041
_d79041